| 000 | 00909nam a22002177a 4500 | ||
|---|---|---|---|
| 001 | EIF-X-2019-M2-001 | ||
| 003 | OSt | ||
| 005 | 20221229133540.0 | ||
| 008 | 221229b |||||||| |||| 00| 0 eng d | ||
| 040 |
_aFundación Jesús Pereda _cFundación Jesús Pereda |
||
| 041 | _aCastellano | ||
| 100 |
_uUniversidad de Salamanca _aFigueredo Cabrera, Katia _9853 |
||
| 111 |
_aEncuentro de Investigadores del Franquismo _c(Valencia. _d2019. _n10º) _9102 |
||
| 245 |
_aSoluciones salvadoras para un recíproco entendimiento. _bCuba y la España franquista, _f1945-1959 _c/Katia Figueredo Cabrera |
||
| 650 | 0 |
_9608 _aServicio diplomático y consular |
|
| 651 | 0 |
_9854 _aCuba |
|
| 651 | 0 |
_9670 _aEspaña |
|
| 773 |
_tActas del X Encuentro de Investigadores del Franquismo _g159-173 p. |
||
| 856 | _uhttps://bibliotecaccoocyl.fundacionjesuspereda.es/cgi-bin/koha/opac-retrieve-file.pl?id=fcbcbefd9013cf06c6a15d952a4456b4 | ||
| 942 |
_2ddc _cCF _n0 |
||
| 999 |
_c611 _d611 |
||